The Politics of program evaluation /

Bibliographic Details
Other Authors: Palumbo, Dennis J., 1929-2006
Format: Book
Language:English
Published: Newbury Park, Calif. : Sage Publications, [1987]
Series:Sage yearbooks in politics and public policy ; v. 15.
Subjects:

MARC

Tag First Indicator Second Indicator Subfields
LEADER 00000cam a2200000 a 4500
001 in00000018986
005 20151007054127.0
008 860530s1987 cau b 00100 eng
010 |a  86013899  
020 |a 0803927363 
020 |a 0803927371 (pbk.) 
035 |a (OCoLC)13792388 
035 |9 AAB4069AM 
040 |a DLC  |c DLC  |d TXA  |d UtOrBLW 
049 |a TXAM  |c [A12612080] 
050 0 0 |a H97  |b .P668 1987 
082 0 |a 361.6/1  |2 19 
245 0 4 |a The Politics of program evaluation /  |c Dennis J. Palumbo, editor. 
264 1 |a Newbury Park, Calif. :  |b Sage Publications,  |c [1987] 
264 4 |c ©1987 
300 |a 309 pages ;  |c 23 cm. 
336 |a text  |b txt  |2 rdacontent 
337 |a unmediated  |b n  |2 rdamedia 
338 |a volume  |b nc  |2 rdacarrier 
490 1 |a Sage yearbooks in politics and public policy ;  |v v. 15 
504 |a Includes bibliographies and indexes. 
505 0 |a The political context: Politics and evaluation / Dennis J. Palumbo. Where politics and evaluation research meet / Carol H. Weiss -- The policy cycle: Linking program evaluation to user needs / Eleanor Chelimsky. Evaluation's political inherency / Michael Quinn Patton. What should evaluation mean to implementation? / Angela Browne and Aaron Wildavsky. Policy termination as a political phenomenon / Peter DeLeon -- Politics and research methods: The countenances of fourth-generation evaluation / Egon G. Guba and Yvonna S. Lincoln. The influence of theory on what we see / Lawrence A. Scaff and Helen M. Ingram. The political uses of evaluation research / Susan J. Tolchin. The politics of meaning and policy inquiry / Rita Mae Kelly. 
650 0 |a Policy sciences. 
650 0 |a Evaluation research (Social action programs) 
700 1 |a Palumbo, Dennis J.,  |d 1929-2006. 
830 0 |a Sage yearbooks in politics and public policy ;  |v v. 15. 
999 |a MARS 
999 f f |s 65e14561-a239-379d-94e4-f881bae04e4f  |i c9fadee1-24a8-385f-84b6-103e0da7f21a  |t 0 
952 f f |p ric  |a Texas A&M University  |b Rellis Campus  |c Joint Library Facility  |d Remote Storage  |t 0  |e H97 .P668 1987  |h Library of Congress classification  |i unmediated -- volume  |m A14812612080 
998 f f |a H97 .P668 1987  |t 0  |l Remote Storage